| 000 | 00982nam a22002297a 4500 | ||
|---|---|---|---|
| 003 | OSt | ||
| 005 | 20250207151420.0 | ||
| 008 | 240828b ||||| |||| 00| 0 eng d | ||
| 040 | _c0 | ||
| 082 | _aDPer 379.2 J826 Winter-Spring 2021 v. 46 n. 3-4 | ||
| 100 |
_aTeixeira, Pedro. _eauthor. _959257 |
||
| 245 |
_aMass higher education and its civic impacts in Portugal and Spain / _cPedro Teixeira, Carla Sa, Joao Cerejeira, Hugo Figueiredo, and Miguel Portela. |
||
| 260 |
_aIllinois, United States ; _bUniversity of Illinois Press and Johns Hopkins University Press, _cSpring 2021. |
||
| 300 |
_avolume 46, pages 496-518, _billustration. |
||
| 500 | _aJournal of Education Finance, v. 46, n. 4 , pages 496-518, Winter 2021. | ||
| 700 |
_aTeixeira, Pedro. _eauthor. _959257 |
||
| 700 |
_aSa, Carla. _eauthor. _959258 |
||
| 700 |
_aCerejeira, Joao. _eauthor. _959259 |
||
| 700 |
_aFigueiredo, Hugo. _eauthor. _959260 |
||
| 700 |
_aPortela, Miguel. _eauthor. _959261 |
||
| 942 |
_2ddc _cPER |
||
| 999 |
_c20995 _d20995 |
||